00390nam a2200121Ia 4500008004100000245012900041260001700170260000900187300000800196650002300204650001200227856002900239170516s9999 xx 000 0 und d aImmuno Nanoparticles Integrated Electrical Control of Targeted Cancer Cell Development Using Whole Cell Bioelectronic Device bTheranostics c2014 a4:9 xMedical Technology xMedtech uhttp://www.thno.org/v4i9